The 18 challenges of leadership : a practical, structured way to develop your leadership talent

Bibliographic Details
Main Author: Waldock, Trevor
Other Authors: Kelly-Rawat, Shenaz
Format: Book
Published: London : Pearson Prentice Hall Business , 2004
Subjects:

MARC

LEADER 00000cam a2200000 7i4500
001 0000019807
005 20070731.0
020 |a 0273688103 
040 |a INS 
090 0 0 |a HD57.7   |b W35 2004 
100 1 |a Waldock, Trevor 
245 1 4 |a The 18 challenges of leadership :   |b a practical, structured way to develop your leadership talent   |c Trevor Waldock, Shenaz Kelly - Rawat 
260 |a London :   |b Pearson Prentice Hall Business ,   |c 2004 
300 |a xix, 364 p. ;   |c 24 cm. 
504 |a Bibliography : p. 357 - 364 
650 0 0 |a Executives   |x Training of 
650 0 0 |a Leadership 
700 1 |a Kelly-Rawat, Shenaz 
999 |a 0000018953   |b BOOK   |c Open Shelf   |e Default branch